| 000 | 01827nam0a2200313 4500 | ||
|---|---|---|---|
| 001 | RU\NLR\BIBL_A\012584397 | ||
| 005 | 20211006154705.0 | ||
| 010 |
_a978-5-9914-0904-9 _9300 |
||
| 021 |
_aRU _bКН-П-21-025692 _9КН-П-21-1983 |
||
| 035 | _a(NLR Aleph) 012584397 | ||
| 090 |
_a12532319 _c12532319 |
||
| 100 | _a20210824d2021 u y0rusy50 ca | ||
| 101 | 0 | _arus | |
| 102 | _aRU | ||
| 105 | _aac j 000zy | ||
| 181 | 0 |
_ai _baxxe |
|
| 182 | 0 | _an | |
| 200 | 1 |
_aРастворы высокомолекулярных соединений _eучебное пособие _eдля студентов по направлениям 18.03.01, 18.04.01 "Химическая технология", 04.05.01 "Фундаментальная и прикладная химия" _fА. В. Комин _gМинистерство науки и высшего образования РФ, Федеральное государственное бюджетное образовательное учреждение высшего образования "Ярославский государственный технический университет" |
|
| 203 |
_aТекст _bвизуальный _cнепосредственный |
||
| 210 |
_aЯрославль _cИзд-во ЯГТУ _d2021 |
||
| 215 |
_a95, [1] с. _cил., табл. _d20 |
||
| 320 | _aБиблиогр.: с. 95 (8 назв.) | ||
| 606 | 1 |
_aПолимеры _jУчебные издания для высших учебных заведений _xРастворы _xФизико-химические свойства _92012865 _3RU\NLR\AUTH\66925751 |
|
| 686 | 1 | _aГ713.6я73-1 | |
| 700 | 1 |
_aКомин _bА. В. _gАртем Владимирович |
|
| 942 | _cBOOK | ||
| 980 | _aNB | ||